[Event "HUN-chT2 Charousek 0809"]
[Site "Hungary"]
[Date "2009.03.08"]
[Round "9"]
[White "Horvath, Reka"]
[Black "Fulop, Szabolcs"]
[Result "1/2-1/2"]
[WhiteElo "1967"]
[BlackElo "1997"]
[PlyCount "112"]
[EventDate "2008.10.26"]
[EventType "team-tourn"]
[EventRounds "11"]
[EventCountry "HUN"]
[SourceTitle "EXT 2010"]
[Source "ChessBase"]
[SourceDate "2010.11.25"]
[SourceVersion "1"]
[SourceVersionDate "2010.11.25"]
[SourceQuality "1"]
[WhiteTeam "Haladas II"]
[BlackTeam "Barcza"]
[WhiteTeamCountry "HUN"]
[BlackTeamCountry "HUN"]

1. e4 c5 2. Nf3 Nc6 3. d4 cxd4 4. Nxd4 Nf6 5. Nc3 e5 6. Ndb5 d6 7. Bg5 a6 8. Bxf6 gxf6 9. Na3 f5 10. Bd3 Qg5 11. exf5 Bxf5 12. Bxf5 Qxf5 13. Qd5 Rc8 14. 0-0 b5 15. Ne4 Qg6 16. f4 Rg8 17. Ng3 exf4 18. Rae1+ Ne5 19. Rxf4 Be7 20. Nf5 Rc5 21. Qb7 Rc7 22. Qd5 b4 23. Nc4 Rxc4 24. Rxc4 Qxf5 25. Qa8+ Bd8 26. Qxa6 Qe6 27. Rce4 Kf8 28. Qe2 Bc7 29. Rxb4 Nf3+ 30. Kf2 Nxe1 31. Qxe6 Rxg2+ 32. Kxe1 fxe6 33. Rc4 Bb6 34. h4 h5 35. b4 Ke7 36. a4 Rg1+ 37. Ke2 Ra1 38. Rc6 Bd8 39. a5 Bxa5 40. Ra6 Ra4 41. Rxa5 Rxa5 42. bxa5 Kd7 43. c4 Kc6 44. Ke3 e5 45. Ke4 Kb7 46. c5 dxc5 47. Kxe5 Kc6 48. a6 Kb6 49. Kd5 Kxa6 50. Kxc5 Kb7 51. Kd6 Kc8 52. Ke7 Kc7 53. Kf7 Kd7 54. Kg6 Ke7 55. Kxh5 Kf7 56. Kg5 Kg7 1/2-1/2

[Event "HUN-chT2 Erkel 0708"]
[Site "Hungary"]
[Date "2008.05.18"]
[Round "11"]
[White "Kovacs, Istvan"]
[Black "Fulop, Szabolcs"]
[Result "0-1"]
[WhiteElo "2220"]
[BlackElo "1925"]
[PlyCount "96"]
[EventDate "2007.10.14"]
[EventType "team"]
[EventRounds "11"]
[EventCountry "HUN"]
[SourceTitle "EXT 2009"]
[Source "ChessBase"]
[SourceDate "2008.11.26"]
[SourceVersion "1"]
[SourceVersionDate "2008.11.26"]
[SourceQuality "1"]
[WhiteTeam "Ujszasz"]
[BlackTeam "BEAC II"]
[WhiteTeamCountry "HUN"]
[BlackTeamCountry "HUN"]

1. e4 c5 2. Nc3 Nc6 3. Nf3 e5 4. d3 Be7 5. Be2 d6 6. 0-0 Be6 7. Bd2 h6 8. h3 Nf6 9. Qc1 Qd7 10. Re1 Nd4 11. Nd1 Nxe2+ 12. Rxe2 g5 13. Nh2 Nh5 14. g4 Nf4 15. Bxf4 gxf4 16. f3 h5 17. Rg2 hxg4 18. hxg4 Bh4 19. Nf2 f6 20. c4 Rh7 21. Qd2 b6 22. b3 Qg7 23. a4 a5 24. Ra2 Ke7 25. Nh1 Rah8 26. Qe2 Qg5 27. Nf1 Rh6 28. Rc2 R8h7 29. Ra2 Qg8 30. Rc2 Qh8 31. Rh2 Qg8 32. Rg2 Rh8 33. Ra2 Qg7 34. Rh2 Rg8 35. Rg2 Be1 36. Rh2 Bc3 37. Rxh6 Bd4+ 38. Nf2 Qxh6 39. Nd2 Rh8 40. Kf1 Qh2 41. Ke1 Qg1+ 42. Nf1 Rh2 43. Rc2 Rxf2 44. Qxf2 Bxf2+ 45. Rxf2 Bxg4 46. fxg4 Qxg4 47. Rh2 Qf3 48. Rf2 Qxd3 0-1

[Event "HUN-chT2 Erkel 0708"]
[Site "Hungary"]
[Date "2008.04.27"]
[Round "10"]
[White "Varga, Tibor"]
[Black "Fulop, Szabolcs"]
[Result "0-1"]
[WhiteElo "2025"]
[BlackElo "1925"]
[PlyCount "54"]
[EventDate "2007.10.14"]
[EventType "team"]
[EventRounds "11"]
[EventCountry "HUN"]
[SourceTitle "EXT 2009"]
[Source "ChessBase"]
[SourceDate "2008.11.26"]
[SourceVersion "1"]
[SourceVersionDate "2008.11.26"]
[SourceQuality "1"]
[WhiteTeam "Vaci"]
[BlackTeam "BEAC II"]
[WhiteTeamCountry "HUN"]
[BlackTeamCountry "HUN"]

1. d4 Nf6 2. Nf3 g6 3. g3 Bg7 4. Bg2 0-0 5. Nbd2 d5 6. 0-0 c5 7. c3 Qb6 8. Re1 Nc6 9. dxc5 Qxc5 10. Nb3 Qb6 11. Nbd4 Nxd4 12. cxd4 Bf5 13. Nh4 Bd7 14. Qd3 Rac8 15. e3 Rc7 16. Qa3 e6 17. Bd2 Rc4 18. Ba5 Qc6 19. b3 Rc2 20. Bf1 Ng4 21. Be2 e5 22. Nf3 e4 23. Nd2 Rc8 24. Bd1 Bf8 25. Bb4 Rxd2 26. Bxg4 Bxg4 27. Bxf8 Rxf8 0-1

[Event "HUN-chT2 Erkel 0708"]
[Site "Hungary"]
[Date "2007.10.14"]
[Round "1"]
[White "Matuska, Miklos"]
[Black "Fulop, Szabolcs"]
[Result "1/2-1/2"]
[WhiteElo "2009"]
[BlackElo "1925"]
[PlyCount "103"]
[EventDate "2007.10.14"]
[EventType "team"]
[EventRounds "11"]
[EventCountry "HUN"]
[SourceTitle "EXT 2009"]
[Source "ChessBase"]
[SourceDate "2008.11.26"]
[SourceVersion "1"]
[SourceVersionDate "2008.11.26"]
[SourceQuality "1"]
[WhiteTeam "Foti"]
[BlackTeam "BEAC II"]
[WhiteTeamCountry "HUN"]
[BlackTeamCountry "HUN"]

1. Nf3 Nf6 2. g3 g6 3. b3 Bg7 4. Bb2 0-0 5. c4 d5 6. cxd5 Nxd5 7. Bxg7 Kxg7 8. Bg2 c6 9. 0-0 Nd7 10. d4 N7f6 11. Nfd2 Nb4 12. Nc4 Bf5 13. Ne3 Be4 14. Nc3 Bxg2 15. Nxg2 Nbd5 16. Rc1 Nxc3 17. Rxc3 Qa5 18. Qc2 Rad8 19. Rd1 Nd5 20. Rc5 Qa6 21. Rc4 Rd7 22. Qb2 Rfd8 23. Nf4 Nb6 24. Rc5 Kg8 25. e3 Rd6 26. Re5 e6 27. Nd3 Nd7 28. Nc5 Nxc5 29. Rxc5 b6 30. Rc2 c5 31. Rcd2 cxd4 32. Rxd4 b5 33. h4 e5 34. Rxd6 Rxd6 35. Rc1 Rd5 36. Qc2 Qd6 37. Qe4 Kg7 38. Kg2 a6 39. h5 f5 40. Rc7+ Kh6 41. Qc2 Rd2 42. Qc5 Qxc5 43. Rxc5 Kxh5 44. a4 bxa4 45. bxa4 Ra2 46. Ra5 Kg4 47. Rxa6 g5 48. Rh6 f4 49. exf4 gxf4 50. Rh4+ Kg5 51. Rxh7 Rxa4 52. gxf4+ 1/2-1/2